Missing Word: 'A' Words in Movie Titles Quiz Stats

 Plays Quiz Updated Mar 30, 2018

Challenge
Share
Tweet
Embed
Score 0/30 Timer 04:00
0 Plays Today
Movie 'A' Word % Correct
No Strings ___Attached
97.4%
Ice ___Age
94.9%
A Man for ___ SeasonsAll
91.2%
The Postman ___ Rings TwiceAlways
90.3%
Never Say Never ___Again
90.1%
___ ManagementAnger
89.3%
Paranormal ___Activity
88.8%
Planes, Trains & ___Automobiles
88.2%
12 ___ MenAngry
87.1%
___ FamousAlmost
83.6%
___ Cody BanksAgent
80.6%
___ History XAmerican
79.7%
Escape from ___Alcatraz
76.7%
___ HallAnnie
74.5%
Mars ___!Attacks
73.6%
Movie 'A' Word % Correct
Dog Day ___Afternoon
70.4%
___ 13Apollo
68.5%
Out of ___Africa
64.9%
___ and Old LaceArsenic
62.7%
Raising ___Arizona
60.5%
___ RibAdam's
55.4%
An ___ to RememberAffair
52.1%
The ___ StrainAndromeda
49.2%
The Life ___ with Steve ZissouAquatic
46.4%
___ with Dirty FacesAngels
44.3%
___ on Precinct 13Assault
43.5%
___ of DarknessArmy
30.8%
___ StatesAltered
30.3%
The ___ JungleAsphalt
23.9%
Fanny and ___Alexander
19.5%

Today's Daily Dose

Word Ladder
Bruno Mars Song

Get the Picture
Japanese Cars

You're not logged in!

Compare scores with friends on all Sporcle quizzes.
OR
Log In

You Might Also Like...

Show Comments

Extras

Top Quizzes Today


Score Distribution

Your Account Isn't Verified!

In order to create a playlist on Sporcle, you need to verify the email address you used during registration. Go to your Sporcle Settings to finish the process.

Report this User

Report this user for behavior that violates our Community Guidelines.

Details: